| 000 | 01121cam a2200301 a 4500 | ||
|---|---|---|---|
| 001 | 14196874 | ||
| 003 | OSt | ||
| 005 | 20160809120457.0 | ||
| 008 | 051212s2007 njua bf 001 0 eng | ||
| 010 | _a 2005058673 | ||
| 020 | _a013172276X (paperback) | ||
| 035 | _a(OCoLC)ocm62790075 | ||
| 040 |
_aDLC _cDLC _dYDX _dBAKER _dDLC |
||
| 043 | _an-us--- | ||
| 050 | 0 | 0 |
_aLB1028.24 _b.M55 2007 |
| 082 | 0 | 0 |
_a370.7/2 _222 |
| 100 | 1 | _aMills, Geoffrey E. | |
| 245 | 1 | 0 |
_aAction research : _ba guide for the teacher researcher / _cGeoffrey E. Mills. |
| 250 | _a3rd ed. | ||
| 260 |
_aUpper Saddle River, N.J. : _bPearson Merrill Prentice Hall, _cc2007. |
||
| 300 |
_axvii, 254 p. : _bill. ; _c24 cm. |
||
| 504 | _aIncludes bibliographical references (p. 241-243) and indexes. | ||
| 650 | 0 |
_aAction research in education _zUnited States _vHandbooks, manuals, etc. |
|
| 650 | 0 |
_aTeaching _zUnited States _vHandbooks, manuals, etc. |
|
| 906 |
_a7 _bcbc _corignew _d1 _eocip _f20 _gy-gencatlg |
||
| 942 |
_2lcc _cBOOKS |
||
| 999 |
_c12996 _d12996 |
||